|
|
|
|
| LEADER |
01405nam a2200385Ia 4500 |
| 001 |
EBC3408195 |
| 003 |
MiAaPQ |
| 005 |
20200520144314.0 |
| 006 |
m o d | |
| 007 |
cr cn||||||||| |
| 008 |
921117s1991 nyu sb 001 0 eng d |
| 010 |
|
|
|z 90045047
|
| 020 |
|
|
|z 9780791407059
|
| 020 |
|
|
|z 9781438405032
|
| 020 |
|
|
|z 0791407055
|
| 020 |
|
|
|z 0791407063
|
| 035 |
|
|
|a (MiAaPQ)EBC3408195
|
| 035 |
|
|
|a (Au-PeEL)EBL3408195
|
| 035 |
|
|
|a (CaPaEBR)ebr10588744
|
| 035 |
|
|
|a (OCoLC)923413828
|
| 040 |
|
|
|a MiAaPQ
|c MiAaPQ
|d MiAaPQ
|
| 050 |
|
4 |
|a HD8660.A5
|b H583 1991
|
| 100 |
1 |
|
|a Grinberg, Lev Luis,
|d 1953-
|
| 245 |
1 |
0 |
|a Split corporatism in Israel
|h [electronic resource] /
|c Lev Luis Grinberg.
|
| 260 |
|
|
|a Albany :
|b State University of New York Press,
|c c1991.
|
| 300 |
|
|
|a ix, 202 p.
|
| 440 |
|
0 |
|a SUNY series in Israeli studies
|
| 504 |
|
|
|a Includes bibliographical references (p. 189-195) and index.
|
| 533 |
|
|
|a Electronic reproduction. Ann Arbor, MI : ProQuest, 2015. Available via World Wide Web. Access may be limited to ProQuest affiliated libraries.
|
| 610 |
2 |
0 |
|a Histadrut ha-kelalit shel ha-ovdim be-Erets-Yisrael.
|
| 650 |
|
0 |
|a Labor unions
|z Israel.
|
| 650 |
|
0 |
|a Industrial relations
|z Israel.
|
| 655 |
|
4 |
|a Electronic books.
|
| 710 |
2 |
|
|a ProQuest (Firm)
|
| 856 |
4 |
0 |
|u https://ebookcentral.proquest.com/lib/matrademy/detail.action?docID=3408195
|z Click to View
|